Drenajes agrícolas para ingenieros / (Record no. 131706)

MARC details
000 -LEADER
campo de control de longitud fija 00583nam a2200181 4500
001 - NÚMERO DE CONTROL
campo de control 131706
003 - IDENTIFICADOR DE NÚMERO DE CONTROL
campo de control ES-MaACL
005 - FECHA Y HORA DE LA ÚLTIMA TRANSACCIÓN
campo de control 20230906194030.0
007 - CAMPO FIJO DE DESCRIPCIÓN FÍSICA--INFORMACIÓN GENERAL
campo de control de longitud fija t|
008 - DATOS DE LONGITUD FIJA--INFORMACIÓN GENERAL
campo de control de longitud fija 070214s1960 sp r ||||1| spa d
100 1# - ENTRADA PRINCIPAL--NOMBRE DE PERSONA
Nombre de persona Roe, Harry Burgess.
9 (RLIN) 98890
245 10 - MENCIÓN DEL TÍTULO
Título Drenajes agrícolas para ingenieros /
Mención de responsabilidad, etc. Harry Burgess Roe, Quincy Claude Ayres ; traducción de Mateo Sust.
260 ## - PUBLICACIÓN, DISTRIBUCIÓN, ETC.
Lugar de publicación, distribución, etc. Barcelona :
Nombre del editor, distribuidor, etc. Omega,
Fecha de publicación, distribución, etc. 1960.
300 ## - DESCRIPCIÓN FÍSICA
Extensión 546 p., 1 lám. :
Otras características físicas il. ;
Dimensiones 22 cm.
700 1# - ENTRADA AGREGADA--NOMBRE PERSONAL
Nombre de persona Ayres, Quincy Claude.
9 (RLIN) 24192
700 1# - ENTRADA AGREGADA--NOMBRE PERSONAL
Nombre de persona Sust, Mateo.
9 (RLIN) 108864
852 ## - LOCALIZACIÓN
Ubicación ES-MaACL
Número de control de estantería C-19652
Sublocalización o colección R.47512
Holdings
Estatus retirado Estado de pérdida Estado de daño No para préstamo Biblioteca de origen Biblioteca actual Ubicación en estantería Fecha de adquisición Fuente de adquisición Total de préstamos Signatura topográfica completa Código de barras Visto por última vez Precio de reemplazo Tipo de ítem Koha
        Biblioteca del Ateneo de Madrid Biblioteca del Ateneo de Madrid Galería 17/01/2008     C-19652 1137112 23/02/2023 23/02/2023 Libro impreso